000 00381nam a2200169Ia 4500
005 20250603145703.0
008 250603s9999 xx 000 0 und d
050 _aKN 30 .H4/
100 _aHeuston, R.F. V.
245 0 _aSalmond on the law of torts
260 _aLondon
260 _bSweet & Maxwell
260 _c1999
300 _a647 p
650 _aLondon
942 _cBK
999 _c42557
_d42557